=LDR 00000nam 2200000 4500 =001 INLIS000000000031102 =005 20200204125948 =035 ##$$a 0010-061300000031102 =008 200204################g##########0#ind## =041 ##$$a ind =082 ##$$a 005.115 =090 ##$$a 005.115, Sin p =100 ##$$a Sismoro, Heri =245 1#$$a Pengantar logika informatika,algoritma ,dan pemprograman komputer /$c Heri Sismoro; Editor, Dwi Prabantini =300 ##$$a vii,96 hlm, : $b Illus ; $c 21 x 14 cm =650 #4$$a Logika Program komputer =700 #$$a Prabantini,Dwi =850 ##$$a NBPNMAT =020 ##$$a 979-763-004-8 =084 ##$$a 005.115 SIS p =260 ##$$a Yogyakarta :$b Andi,$c 2005 =990 ##$$a 20902448 =990 ##$$a 20902446 =990 ##$$a 20902447 =990 ##$$a 20902445 =990 ##$$a 20902446 =990 ##$$a 20902448 =990 ##$$a 20902447 =990 ##$$a 20902445 =990 ##$$a 20902447 =990 ##$$a 20902448 =990 ##$$a 20902446 =990 ##$$a 20902445 =990 ##$$a 20902448 =990 ##$$a 20902446 =990 ##$$a 20902447 =990 ##$$a 20902445